书目信息 |
| 题名: |
发展与探索
|
|
| 作者: | 丁汉初 主编 | |
| 分册: | ||
| 出版信息: | 武汉 华中科技大学出版社 2015 |
|
| 页数: | 306页 | |
| 开本: | 26cm | |
| 丛书名: | ||
| 单 册: | ||
| 中图分类: | D613 | |
| 科图分类: | ||
| 主题词: | 高等学校--统一战线工作--湖北--文集 | |
| 电子资源: | ||
| ISBN: | 978-7-5680-1036-8 | |
| 000 | 00997nam0 2200241 450 | |
| 001 | 012015000033 | |
| 005 | 20151210153432.43 | |
| 010 | @a978-7-5680-1036-8@dCNY58.00 | |
| 100 | @a20151101d2015 em y0chiy50 ea | |
| 101 | 0 | @achi |
| 102 | @aCN@b420000 | |
| 105 | @ay z 000yy | |
| 106 | @ar | |
| 200 | 1 | @a发展与探索@Afa zhan yu tan suo@e湖北省高校统一战线理论与实践研究论文集@f丁汉初主编 |
| 210 | @a武汉@c华中科技大学出版社@d2015 | |
| 215 | @a306页@d26cm | |
| 330 | @a本书共收录湖北省高校统一战线工作领域论文65篇,内容涵盖湖北省高校统战工作的主要领域,反映了新时期湖北省高校统战理论与实践研究成果,对进一步提升高校统战工作理论水平、创新工作方法、拓展工作思路会有启发和帮助。 | |
| 517 | 1 | @a湖北省高校统一战线理论与实践研究论文集@Ahu bei sheng gao xiao tong yi zhan xian li lun yu shi jian yan jiu lun wen ji |
| 606 | 0 | @a高等学校@x统一战线工作@y湖北@j文集 |
| 690 | @aD613@v5 | |
| 701 | 0 | @a丁汉初@Ading han chu@4主编 |
| 801 | 0 | @aCN@b碧洲教育@c20151129 |
| 905 | @a10447@f3@dD613@e178 | |
| 发展与探索:湖北省高校统一战线理论与实践研究论文集/丁汉初主编.-武汉:华中科技大学出版社,2015 |
| 306页;26cm |
| ISBN 978-7-5680-1036-8:CNY58.00 |
| 本书共收录湖北省高校统一战线工作领域论文65篇,内容涵盖湖北省高校统战工作的主要领域,反映了新时期湖北省高校统战理论与实践研究成果,对进一步提升高校统战工作理论水平、创新工作方法、拓展工作思路会有启发和帮助。 |
| ● |
| 相关链接 |
|
|
|
|
正题名:发展与探索
索取号:D613/178
 
预约/预借
| 序号 | 登录号 | 条形码 | 馆藏地/架位号 | 状态 | 备注 |
| 1 | 0872343 | 208723434 | 第一样本阅览室/ [索取号:D613/178] | 在馆 | |
| 2 | 0872344 | 208723443 | 教育系资料室/ [索取号:D613/178] | 在馆 | |
| 3 | 0872345 | 208723452 | 教育系资料室/ [索取号:D613/178] | 在馆 |